Responses for show #3178 - Wednesday, May 27, 1998

Lara Robillard game 2.

Contestants

[<< previous game]

Pamela Rohrich, a veterinarian from El Cerrito, California

Ed Lee, a medical student from New York City, New York

Lara Robillard, a director of health policy from Arlington, Virginia (whose 1-day cash winnings total $14,600)

[next game >>]

Jeopardy! Round responses

BALLET IN THE '90s
"ACE" IN THE HOLE
WOMEN IN SPORTS
OVER THE RIVER
THROUGH THE WOODS
TO GRANDMOTHER'S HOUSE WE GO
    $100 1
West Side Story

Ed
    $100 7
Indiana Pacers

Ed
    $100 3
Aborigines

Ed
    $100 23
St. Lawrence River

Pamela
    $100 19
Apple tree

Lara
    $100 16
Salt shakers

Lara
    $200 11
London

Lara
    $200 8
Facelift

Ed
    $200 4
Monica Seles

Ed
    $200 25
Brooklyn Bridge

Ed
    $200 21
Witch

Pamela
    $200 17
Benny Goodman

Pamela
    $300 12
Prince

Ed
    $300 9
Backspace

Lara
    $300 5
Triathlon

Ed
    $300 26
Drawbridge

Ed
    $300 22
American elm

Ed
    $300 18
John F. Kennedy

Ed
    $400 13
Count Dracula

Lara
    $400 10
Placemat

Lara
    $400 6
Kerri Strug

Pamela
    $500 29
(L: What is the Tigris?)

Jordan River

Lara
    $400 24
Peach

Ed
    $400 20
Vassar

Ed
    $500 14
George Balanchine

Ed
    $500 2
(L: What are mammals?)

Cetaceans

Lara
Triple Stumper
    $500 15
Cincinnati Reds

Ed
    $500 30
(E: What is Mexico?)

Peru

EdPamela
    $500 27
Ebony

Lara
    $500 28
(E: What is the Franklin Mint?)

The Bradford Exchange

Ed
Triple Stumper

Scores at the first commercial break (after clue 15):

Lara Ed Pamela
$800 $2,300 $400

Scores at the end of the Jeopardy! Round:

Lara Ed Pamela
$1,000 $3,200 $1,400

Double Jeopardy! Round responses

FICTIONAL CHARACTERS
NOT-SO-MAD SCIENTISTS
1997 BUSINESS NEWS
CHARLES V
MOVIE LOVE THEMES
BEFORE & AFTER
    $200 1
Esmeralda

Lara
    $200 13
Albert Einstein

Lara
    $200 7
Intel

Ed
    $200 12
Ottoman Empire

Ed
    $200 6
The Bodyguard

Ed
    $200 15
"Bay Of Pigs in a blanket"

Ed
    $400 2
(P: Who is Rumpelstiltskin?)

Rip Van Winkle

EdPamela
    $400 14
Gregor Mendel

Pamela
    $400 21
Woolworth's

Lara
    $400 19
Hernando Cortez

Ed
    $400 8
Aladdin

Ed
    $400 26
(we have less than a minute to go...)

"Courtney Love Connection"

Ed
    $600 3
(E: Who is Lady Godiva?)

Becky Sharp

LaraEd
    $600 16
Niels Bohr

Ed
    $600 24
Oxygen

Ed
    $600 23
Holy Roman Empire

Lara
    $600 9
The Spy Who Loved Me

Lara
    $600 27
"The Gaza Strip Mall"

Triple Stumper
    $800 4
(Pamela: What is Forsythe?)
...
(Alex: No "H".)

Forsyte

Pamela
Triple Stumper
    $800 17
Sir Isaac Newton

Triple Stumper
    $800 29
Office Depot

Ed
    $1,500 22
The Inquisition

Lara
    $800 10
Evita

Lara
    $800 28
(Alex: Yeah, I know, folks!)

"The Decline & Fall of the Roman Empire State Building"

Triple Stumper
    $1000 5
Cyrano de Bergerac

Lara
    $1000 18
(E: Who is Kepler?)

Tycho Brahe

LaraEd
    $4,500 25
(Alex: Someday you might drive one!)

Ferrari

Ed
    $1000 20
Martin Luther

Pamela
    $1000 11
The Mirror Has Two Faces

Lara
    $1000 30
"Billy Ray Cyrus Vance"

Lara

Scores at the end of the Double Jeopardy! Round:

Lara Ed Pamela
$9,900 $10,500 $1,600

[wagering suggestions for these scores]

Final Jeopardy! Round responses

COMPOSERS
PamelaWho Handel
$100
LaraWho was Handel?
$4,500
EdWho is Bach?
$9,301
George Frideric Handel (the Water Music)

Final scores:

Lara Ed Pamela
$14,400 $1,199 $1,700
2-day champion: $29,000 3rd place: Pair of Festina Megaquartz Watches 2nd place: Trip to Marriott's Rancho Las Palmas Resort, Rancho Mirage, California

Game dynamics:

Coryat scores:

Lara Ed Pamela
$9,700 $7,000 $1,600
19 R
(including 1 DD),
2 W
(including 1 DD)
27 R
(including 1 DD),
4 W
7 R,
2 W

Combined Coryat: $18,300

The J! Archive is created by fans, for fans. The Jeopardy! game show and all elements thereof, including but not limited to copyright and trademark thereto, are the property of Jeopardy Productions, Inc. and are protected under law. This website is not affiliated with, sponsored by, or operated by Jeopardy Productions, Inc. Join the discussion at JBoard.tv.